[Event "Dimitrovgrad Summer op"]
[Site "Dimitrovgrad"]
[Date "2013.06.29"]
[Round "4"]
[White "Sychov, Sergey"]
[Black "Pirogov, Vyatchslav"]
[Result "0-1"]
[WhiteElo "1998"]
[BlackElo "2352"]
[PlyCount "88"]
[EventDate "2013.06.22"]
[EventType "swiss"]
[EventRounds "9"]
[EventCountry "RUS"]
[SourceTitle "EXT 2014"]
[Source "ChessBase"]
[SourceDate "2013.11.20"]
[SourceVersion "1"]
[SourceVersionDate "2013.11.20"]
[SourceQuality "1"]

1. d4 Nf6 2. Bg5 Ne4 3. Bh4 c5 4. f3 Nf6 5. d5 Qb6 6. b3 Qb4+ 7. Qd2 Qxh4+ 8. g3 Qd4 9. Nc3 a6 10. e4 Qxd2+ 11. Kxd2 d6 12. a4 g6 13. a5 Bg7 14. Rd1 0-0 15. Nge2 Nbd7 16. h4 b6 17. g4 bxa5 18. h5 Nb6 19. h6 Bh8 20. g5 Ne8 21. Ng3 Bd7 22. Bd3 a4 23. bxa4 Nxa4 24. Nxa4 Bxa4 25. Rb1 Nc7 26. Rb7 Rfc8 27. Rhb1 Bd7 28. Ne2 a5 29. Nc1 a4 30. Na2 a3 31. c3 Kf8 32. R1b6 Ke8 33. Bc4 Kd8 34. f4 Ra4 35. Kd3 Rca8 36. Rb1 Bc8 37. R7b6 Ba6 38. Bxa6 R4xa6 39. Rb7 Kd7 40. Kd2 f6 41. gxf6 Bxf6 42. Ke3 g5 43. fxg5 Bxg5+ 44. Kd3 Rf8 0-1

[Event "Dimitrovgrad Petrosian Memorial op"]
[Site "Dimitrovgrad"]
[Date "2011.06.25"]
[Round "4"]
[White "Sychov, Sergey"]
[Black "Ulanov, Sergei"]
[Result "1/2-1/2"]
[WhiteElo "2002"]
[BlackElo "2143"]
[PlyCount "73"]
[EventDate "2011.06.18"]
[EventType "swiss"]
[EventRounds "9"]
[EventCountry "RUS"]
[SourceTitle "EXT 2012"]
[Source "ChessBase"]
[SourceDate "2011.11.24"]
[SourceVersion "1"]
[SourceVersionDate "2011.11.24"]
[SourceQuality "1"]

1. e4 Nf6 2. Nc3 e5 3. Nf3 Nc6 4. Bb5 Bc5 5. 0-0 Qe7 6. d3 h6 7. Nd5 Qd6 8. Nxf6+ Qxf6 9. c3 0-0 10. Bxc6 bxc6 11. Nxe5 Qxe5 12. d4 Bxd4 13. Qxd4 Qe6 14. Bf4 d6 15. Rfe1 c5 16. Qd2 c4 17. Rad1 Bb7 18. e5 Qg6 19. Bg3 d5 20. Qd4 c6 21. b3 Ba6 22. Qc5 cxb3 23. axb3 Bd3 24. b4 Rfe8 25. Qd4 Bb5 26. Ra1 a6 27. f3 Qc2 28. Rec1 Qf5 29. Re1 Re6 30. Re3 Rae8 31. Rae1 g5 32. h3 Qc2 33. Bf2 Qa2 34. f4 gxf4 35. Qxf4 Qc2 36. Rf3 Qh7 37. Rg3+ 1/2-1/2